Marvel Cinematic Universe Instalments - Statistics

General Stats
  • This quiz has been taken 51 times
  • The average score is 45 of 73
Answer Stats
Year Movie % Correct
2008 Iron Man
100%
2011 Captain America: The First Avenger
97%
2014 Captain America: The Winter Soldier
97%
2010 Iron Man 2
97%
2017 Spider-Man: Homecoming
97%
2012 Marvel's The Avengers
95%
2008 The Incredible Hulk
95%
2013 Iron Man 3
92%
2011 Thor
92%
2015 Avengers: Age of Ultron
90%
2018 Avengers: Infinity War
90%
2018 Black Panther
90%
2019 Spider-Man: Far From Home
90%
2021 Spider-Man: No Way Home
90%
2017 Thor: Ragnarok
90%
2019 Avengers: Endgame
87%
2021 Black Widow
87%
2016 Captain America: Civil War
87%
2016 Doctor Strange
87%
2014 Guardians of the Galaxy
87%
2022 Black Panther: Wakanda Forever
85%
2019 Captain Marvel
85%
2017 Guardians of the Galaxy Vol. 2
85%
2022 Thor: Love and Thunder
85%
2013 Thor: The Dark World
85%
2015 Ant-Man
82%
2022 Doctor Strange in the Multiverse of Madness
82%
2018 Ant-Man and the Wasp
79%
2021 WandaVision
79%
2023 Guardians of the Galaxy Vol. 3
77%
2021 Loki
77%
2024 Deadpool & Wolverine
74%
2021 Shang-Chi and the Legend of the Ten Rings
74%
2021 Hawkeye
72%
2021 What If...?
69%
2021 Eternals
67%
2023 The Marvels
67%
2021 The Falcon and the Winter Soldier
64%
2015 Daredevil
62%
2022 Moon Knight
62%
2016 Agents of S.H.I.E.L.D: Slingshot
59%
2023 Ant-Man and the Wasp: Quantumania
59%
2024 Agatha All Along
56%
2025 Captain America: Brave New World
56%
2015 Jessica Jones
54%
2016 Luke Cage
54%
2025 Fantastic Four: First Steps
51%
2017 Iron Fist
51%
2025 Thunderbolts*
51%
2026 Avengers: Doomsday
49%
2022 Ms Marvel
46%
2027 Avengers: Secret Wars
44%
2023 Echo
44%
2015 Agent Carter
41%
2017 The Defenders
41%
2017 The Punisher
41%
2023 Secret Invasion
36%
2025 Blade
33%
2022 She-Hulk: Attorney at Law
33%
2022 Werewolf by Night
33%
2020 I am Groot
28%
2025 Ironheart
28%
2025 Daredevil: Born Again
26%
2022 Guardians of the Galaxy Holiday Special
23%
TBA Spider-Man 4
21%
2026 Vision Quest
21%
TBA Marvel Zombies
18%
TBA Eyes of Wakanda
15%
2024 X-Men '97
15%
TBA Armor Wars
13%
TBA Wonder Man
13%
TBA Your Friendly Neighbourhood Spider-Man
10%
2013 Marvel's Agents of S.H.I.E.L.D.
3%
No matching quizzes found
Score Distribution
Percent of People with Each Score
Percentile by Number Answered
Your Score History
You have not taken this quiz